000 00816nab a2200241u 4500
001 17849
003 HDC
007 c| |||a|c|aaaa
008 210224b20140625my ||||| |||| 00| 0 may d
040 _aHDC
100 _aMohamed Farid Noh /
_eauthor
_97654
245 0 _a3 juta biji kelapa import masuk pasaran /
_cMohamed Farid Noh
336 _atext
_2rdacontent
337 _acomputer
_2rdamedia
338 _aonline resource
_2rdacarrier
650 _acoconut import
_917026
650 _aFederal Agricultural Marketing Authority (FAMA)
_916449
710 _aBERITA HARIAN
856 _zRequest full-text at [email protected]
942 _2lcc
942 _cNEWS
942 _kNWSC 005033
999 _c15165
_d15165